000 00567pab a2200181 454500
008 180718b1995 xxu||||| |||| 00| 0 eng d
100 _aGurjeet Singh
245 _aConsumer Protection Act 1986 and medical profession in India
_bconflicts and controversies.
260 _c1995
300 _ap.324-63
362 _aJul-Sep
650 _aMedical personnel - India
650 _aPhysicians - India
650 _aConsumer protection - Law and legislation - India
650 _aConsumer protection
773 _aJournal of the Indian Law Institute
909 _a31229
999 _c31229
_d31229